书目信息 |
| 题名: |
聪明才能哪里来
|
|
| 作者: | 张汉云 编著 | |
| 分册: | ||
| 出版信息: | 北京 教育科学出版社 1980 |
|
| 页数: | 125页 | |
| 开本: | 19cm | |
| 丛书名: | ||
| 单 册: | ||
| 中图分类: | G634.21 | |
| 科图分类: | ||
| 主题词: | 辩证唯物主义--中学--教学参考资料 | |
| 电子资源: | ||
| ISBN: | ||
| 000 | 00609nam0 2200217 450 | |
| 001 | 1558733963 | |
| 005 | 20150129161909.34 | |
| 010 | @dCNY0.35 | |
| 091 | @a7232.28 | |
| 100 | @a19950406d1980 em y0chiy0110 ea | |
| 101 | 0 | @achi |
| 102 | @aCN@b110000 | |
| 105 | @ay z 000yy | |
| 200 | 1 | @a聪明才能哪里来@9cong ming cai neng na li lai@e科学发现的认识论@f张汉云编著 |
| 210 | @a北京@c教育科学出版社@d1980 | |
| 215 | @a125页@d19cm | |
| 606 | 0 | @a辩证唯物主义@x中学@x教学参考资料 |
| 690 | @aG634.21@v5 | |
| 701 | 0 | @a张汉云@9zhang han yun@4编著 |
| 801 | 0 | @aCN@bTSSF@c20150129 |
| 905 | @aZUCC@dG634.21@eJY2 | |
| 聪明才能哪里来:科学发现的认识论/张汉云编著.-北京:教育科学出版社,1980 |
| 125页;19cm |
| ISBN :CNY0.35 |
| ● |
| 相关链接 |
|
|
|
|
正题名:聪明才能哪里来
索取号:G634.21/JY2
 
预约/预借
| 序号 | 登录号 | 条形码 | 馆藏地/架位号 | 状态 | 备注 |
| 1 | 7861062 | 278610629 | 学院路分馆/ [索取号:G634.21/JY2] | 在馆 |